八王子市にある駅 - Statistics

General Stats
  • This quiz has been taken 252 times
  • The average score is 18 of 24
Answer Stats
Hint Answer % Correct
中央線 八王子
100%
横浜線 八王子
100%
八高線 八王子
100%
中央線 高尾
98%
京王高尾線 高尾
98%
中央線 西八王子
96%
高尾鋼索線 高尾山
93%
京王高尾線 高尾山口
92%
横浜線 八王子みなみ野
87%
京王線 京王八王子
86%
八高線 北八王子
84%
京王線 北野
83%
京王高尾線 めじろ台
72%
京王相模原線 南大沢
70%
八高線 小宮
67%
京王高尾線 山田
67%
京王高尾線 京王片倉
66%
京王相模原線 京王堀之内
58%
京王高尾線 狭間
55%
京王線 長沼
52%
多摩モノレール 中央大学・明星大学
45%
多摩モノレール 大塚・帝京大学
40%
多摩モノレール 松が谷
33%
高尾鋼索線 清滝
22%
No matching quizzes found
Score Distribution
Percent of People with Each Score
Percentile by Number Answered
Your Score History
You have not taken this quiz